000 00640nam a2200241 a 4500
001 nice12345678
003 IN_TiNIC
005 20260116013056.0
008 050524s1996 lona grp 000 0 eng
020 _a0415334
_c575
082 0 0 _a291.178362
_bGOT
100 _aGottlieb, Roger C
245 _aThis Sacred Earth
_b Religion, Nature, Environment.
260 _aLondon
_bRoutledge Chapman Hall
_c1996
300 _a673p
500 _aincludes index and biblioraphy
505 2 _aIndex
650 _aHuman Ecology-Religious Aspects
700 1 _aGottlieb, Roger C
902 _bSRS
942 _cBK
999 _c9544
_d9544